=LDR 00000nam 2200000 4500 =001 000666 =005 20250712025317 =035 ##$$a 0010-0725000534 =007 ta =008 250712################a##########0#ind## =020 ##$$a 978-623-472-400-4 =082 ##$$a 398.209 598 =100 #$$a Eipe ,Rajiv =245 1#$$a Anand, Tukang Sampah Baik Hati /$c Rajiv Eipe =250 ##$$a Pertama =260 ##$$a Jakarta :$b Badan pengembangan dan pembinaan bahasa,$c 2022 =300 ##$$a 24hlm. : $b ilus. ; $c 22.9cm =650 #4$$a Ceritana Indonesia terjemahan =650 #4$$a Literasi bahan bacaan =084 ##$$a 398.209 598 EIP a =990 ##$$a TBM202400441